Statistics for Ghost Type Pokemon

Click here to take the quiz!

General Stats

  • This quiz has been taken 893 times
    (563 since last reset)
  • The average score is 41 of 54

Answer Stats

RegionPokemon% Correct
Gengar
100%
Haunter
100%
KantoGastly
99%
Dusclops
93%
Duskull
93%
Banette
91%
Shuppet
91%
Dusknoir
90%
JohtoMisdreavus
90%
Mismagius
89%
Giratina
86%
Litwick
85%
Chandelure
84%
Sableye
84%
UnovaYamask
83%
Yamask (Galarian Form)
83%
Lampent
82%
Cofagrigus
81%
Alolan FormMarowak
80%
Mimikyu
79%
Spiritomb
79%
Trevenant
79%
Drifblim
78%
SinnohDrifloon
78%
Pumpkaboo
78%
Gourgeist
76%
Phantump
76%
Froslass
75%
Rotom
75%
Aegislash
73%
HoennShedinja
73%
Doublade
72%
Golurk
72%
Marshadow
72%
AlolaDecidueye
71%
Golett
71%
KalosHonedge
71%
Runerigus
70%
Jellicent
69%
Frillish
68%
Polteageist
63%
GalarSinistea
63%
Dragapult
62%
Hoopa
62%
Dreepy
61%
Lunala
61%
Drakloak
60%
Palossand
60%
Sandygast
60%
Dhelmise
59%
Cursola
58%
Blacephalon
57%
Corsola (Galarian Form)
50%
Oricorio
49%

Score Distribution

Percentile by Number Answered

Percent of People with Each Score

Your Score History

You have not taken this quiz since the last reset